La mística de Jesús: desafío y propuesta

Zapisane w:
Opis bibliograficzny
1. autor: Uríbarri Bilbao, Gabino (Autor)
Format: Książka
Język:hiszpański
Wydane: Santiago Sal Terrae 2017
Wydanie:1a. ed
Seria:Colección Presencia Teológica, 252
Hasła przedmiotowe:
Etykiety: Dodaj etykietę
Nie ma etykietki, Dołącz pierwszą etykiete!

MARC

LEADER 00000cam a2200000 a 4500
001 UCC0069
003 CL-VaPUC
008 170713e20170000cl |||||||||||||||||spa|d
020 |a 9788429326222 
082 0 4 |a 248.22  |b URI  |2 21 
100 0 |a Uríbarri Bilbao, Gabino  |e author  |9 593987 
245 1 3 |a La mística de Jesús: desafío y propuesta 
250 |a 1a. ed 
300 |a 270 p 
942 |c BK 
945 |d 20170713 16:08:00  |a arojas 
260 |a Santiago  |b Sal Terrae  |c 2017 
650 0 |a Creencia Religiosa  |9 316904 
650 7 |a MISTICA CRISTIANA  |2 CL-VaPUC  |9 559892 
650 0 |a Espiritualidad cristiana  |9 537993 
583 |a last modification  |c 20170713 16:08:00  |k Rodrigo Vera 
490 0 |a Colección Presencia Teológica, 252 
999 |c 369022  |d 369020 
952 |0 0  |1 0  |3 erb  |4 0  |6 248_220000000000000_URI_2017  |7 0  |8 A  |9 484547  |a BIBTEO  |b BIBTEO  |i 5407982  |o 248.22 URI 2017  |p 5407982  |r 2025-01-17  |w 2019-11-24  |y BK  |z Catalogado en:20170713  |k ICR